Logo BPK

Bibliografia Prac Pracowników

Politechniki Koszalińskiej

Zastosowanie przyrządów ze sprężonym ładunkiem do reflektometrycznych pomiarów nierówności powierzchni / (Rekord nr 7051)

Szczegóły MARC
000 -ETYKIETA REKORDU
podpole kontrolne o stałej długości 01053nab a2200229 i 4500
001 - NUMER KONTROLNY REKORDU
podpole kontrolne BPP
003 - IDENTYFIKATOR NUMERU KONTROLNEGO REKORDU
podpole kontrolne BPK
005 - DATA OSTATNIEJ MODYFIKACJI REKORDU
podpole kontrolne 20190606151630.0
008 - POLE O STAŁEJ DŁUGOŚCI - DANE KONTROLNE
podpole kontrolne o stałej długości 140813s1989 pl f |100 0 pol
040 ## - ŹRÓDŁO KATALOGOWANIA
Instytucja, która utworzyła rekord BPK
080 ## - UNIWERSALNA KLASYFIKACJA DZIESIĘTNA - UKD
UKD 621.791/.795
100 ## - NAZWA OSOBOWA
Nazwa osobowa ŁUKIANOWICZ, Czesław.
Lata pracy 1973 - 1996.
Instytucja Wyższa Szkoła Inżynierska w Koszalinie - Wydział Mechaniczny,
Wydział Katedra Inżynierii Produkcji
245 ## - TYTUŁ/ODPOWIEDZIALNOŚĆ
Tytuł Zastosowanie przyrządów ze sprężonym ładunkiem do reflektometrycznych pomiarów nierówności powierzchni /
Pozostałe elementy strefy tytułu i oznaczenia odpowiedzialności Czesław Łukianowicz.
260 ## - STREFA ADRESU WYDAWNICZEGO
Data publikacji, dystrybucji/powstania dokumentu 1989.
500 ## - UWAGI OGÓLNE
Tekst uwagi Dane z kartoteki bpp.
650 #0 - HASŁO PRZEDMIOTOWE W FORMIE NAZWY OGÓLNEJ LUB JEDNOSTKOWEJ
Nazwa ogólna lub geograficzna Powierzchnia - pomiary.
Określnik ogólny pomiary.
655 #0 - TERMIN INDEKSOWY - OKREŚLENIE RODZAJU/FORMY DOKUMENTU
Określnie rodzaju/formy dokumentu Materiały konferencyjne.
650 #0 - HASŁO PRZEDMIOTOWE W FORMIE NAZWY OGÓLNEJ LUB JEDNOSTKOWEJ
Nazwa ogólna lub geograficzna Chropowatość
711 ## - HASŁO DODATKOWE - NAZWA IMPREZY
Nazwa imprezy Międzyuczelniana Konferencja Metrologów
Oznaczenie części/sekcji dzieła (21 ;
Data imprezy 1989 ;
Miejsce imprezy Wrocław, Polska).
773 ## - TYTUŁ DOKUMENTU MACIERZYSTEGO
Wyrażenie wprowadzające W :
Tytuł Prace Naukowe Instytutu Metrologii Elektrycznej Politechniki Wrocławskiej : Materiały XXI Międzyuczelnianej Konferencji Metrologów. -
Informacje dotyczące relacji 1989, nr 44, s. 146-151.
Strefa serii Konferencje ; nr 15
942 ## - HASŁO DODATKOWE - ELEMENTY(KOHA)
Typ dokumentu Artykuł
Schemat klasyfikacji Uniwersalna klasyfikacja dziesiętna

Brak dostępnych egzemplarzy.

© 2014 Biblioteka Politechniki Koszalińskiej :: BIBLIOGRAFIA PRAC PRACOWNIKÓW